000 00263nam a22001217a 4500
008 170227b xxu||||| |||| 00| 0 eng d
041 _aeng
080 _22 ED
_a577
100 _a5
101 _aSHMB
245 _aBIOCHEMISTRY
_cHALKERRSTON .D.H
942 _2udc
_cBK
999 _c6329
_d6329